Central Library OPAC University of Rajshahi

Essentials of industrial management / (Record no. 15225)

MARC details
000 -LEADER
fixed length control field 00768cam a22002651 4500
001 - CONTROL NUMBER
control field 15225
003 - CONTROL NUMBER IDENTIFIER
rucl marc code BD-RjUL
005 - DATE AND TIME OF LATEST TRANSACTION
control field 20211208235755.0
008 - FIXED-LENGTH DATA ELEMENTS--GENERAL INFORMATION
fixed length control field 140209s1959 nyua b 001 0 eng
035 ## - SYSTEM CONTROL NUMBER
System control number (BD-RjUL)15279
System control number (OCoLC)943574
040 ## - CATALOGING SOURCE
Original cataloging agency DLC
Transcribing agency TxDN
Modifying agency OCoLC
-- Uk
-- DLC
-- BD-RjUL
Language of cataloging eng
041 ## - LANGUAGE CODE
Language code of text/sound track or separate title eng
082 ## - DEWEY DECIMAL CLASSIFICATION NUMBER
Classification number 658
Author mark and year ESS 1959
245 10 - TITLE STATEMENT
Title Essentials of industrial management /
Statement of responsibility, etc. by Lawrence L. Bethel [and others]
250 ## - EDITION STATEMENT
Edition statement 2d ed.
260 ## - PUBLICATION, DISTRIBUTION, ETC. (IMPRINT)
Place of publication, distribution, etc. New York :
Name of publisher, distributor, etc. McGraw-Hill,
Date of publication, distribution, etc. c1959.
300 ## - PHYSICAL DESCRIPTION
Pagination 514 p. :
Illustrations illus. ;
Size 24 cm.
504 ## - BIBLIOGRAPHY, ETC. NOTE
Bibliography, etc Includes bibliography & Index.
650 #0 - SUBJECT ADDED ENTRY--TOPICAL TERM
Topical term or geographic name as entry element Industrial management.
9 (RLIN) 47341
700 1# - ADDED ENTRY--PERSONAL NAME
Personal name Bethel, Lawrence L.
942 ## - ADDED ENTRY ELEMENTS (KOHA)
Source of classification or shelving scheme Dewey Decimal Classification
Koha item type Books
Holdings
Lost status Source of classification or shelving scheme Damaged status Not for loan Collection code Permanent Location Current Location Shelving location Date acquired Source of acquisition Cost, normal purchase price Total Checkouts Full call number Date last seen Copy number Koha item type
  Dewey Decimal Classification     Non-fiction Central Library, University of Rajshahi Central Library, University of Rajshahi   19/03/1963 Zeitlinger 54.00   658 ESS 1959 09/02/2014 C-3 Books
  Dewey Decimal Classification     Non-fiction Central Library, University of Rajshahi Central Library, University of Rajshahi   07/12/1962 zeitlinger 54.00   658 ESS 1959 16/04/2019 C-4 Books
  Dewey Decimal Classification   Not For Loan Non-fiction Central Library, University of Rajshahi Central Library, University of Rajshahi Reading Room 28/07/1964 zeitlinger 54.00   658 ESS 1959 16/04/2019 C-1 Books
  Dewey Decimal Classification     Non-fiction Central Library, University of Rajshahi Central Library, University of Rajshahi   28/07/1964 zeitlinger 54.00   658 ESS 1959 16/04/2019 C-2 Books
  Dewey Decimal Classification     Non-fiction Central Library, University of Rajshahi Central Library, University of Rajshahi   28/07/1964 zeitlinger 54.00   658 ESS 1959 16/04/2019 C-5 Books
  Dewey Decimal Classification     Non-fiction Central Library, University of Rajshahi Central Library, University of Rajshahi   28/07/1964 zeitlinger 54.00   658 ESS 1959 16/04/2019 C-6 Books
  Dewey Decimal Classification     Non-fiction Central Library, University of Rajshahi Central Library, University of Rajshahi   28/07/1964 zeitlinger 54.00   658 ESS 1959 16/04/2019 C-7 Books
  Dewey Decimal Classification     Non-fiction Central Library, University of Rajshahi Central Library, University of Rajshahi   28/07/1964 zeitlinger 54.00   658 ESS 1959 16/04/2019 C-8 Books
  Dewey Decimal Classification     Non-fiction Central Library, University of Rajshahi Central Library, University of Rajshahi   28/07/1964 zeitlinger 54.00   658 ESS 1959 16/04/2019 C-9 Books
  Dewey Decimal Classification     Non-fiction Central Library, University of Rajshahi Central Library, University of Rajshahi   28/07/1964 zeitlinger 54.00   658 ESS 1959 16/04/2019 C-10 Books
  Dewey Decimal Classification     Non-fiction Central Library, University of Rajshahi Central Library, University of Rajshahi   28/07/1964 zeitlinger 54.00   658 ESS 1959 16/04/2019 C-11 Books
  Dewey Decimal Classification     Non-fiction Central Library, University of Rajshahi Central Library, University of Rajshahi   28/07/1964 zeitlinger 54.00   658 ESS 1959 16/04/2019 C-12 Books
  Dewey Decimal Classification     Non-fiction Central Library, University of Rajshahi Central Library, University of Rajshahi   19/03/1963 zeitlinger 54.00   658 ESS 1959 16/04/2019 C-13 Books